000 01451nam1a2200301 i 4500
001 RU\NLR\bibl\1256820
005 20241115071703.0
035 _a(NLR Aleph) 001242847
090 _a269930
_c269930
100 _a20080730g20089999u y0rusy50 ca
101 0 _arus
102 _aRU
105 _a||||z |||||
200 1 _aМетоды вычислений
_eучебное пособие
_e[для студентов и преподавателей математических специальностей высших учебных заведений
_eв 4 ч.]
_fГ. С. Хакимзянов, С. Г. Черный
_gФедер. агентство по образованию, Новосиб. гос. ун-т, Механико-мат. фак.
210 _aНовосибирск
_cредакционно-издательский центр НГУ
_d2008
215 _d20
463 0 _10011242996
606 _aВычислительная математика
_jУчебные издания для высших учебных заведений
_92105091
_3RU\NLR\auth\661272722
686 _aВ192я73-1
700 1 _aХакимзянов
_bГ. С.
_gГаяз Салимович
_4070
701 1 _aЧерный
_bС. П.
_gСергей Петрович
_4070
801 0 _aRU
_bNLR
_c20080730
_gRCR
801 1 _aRU
_bNLR
_c20080730
830 _aавт. по ЭК
852 _aNLR
_j2008-3/18371
942 _cBOOK